Name the opposite #1 - Statistics

General Stats
  • This quiz has been taken 17 times
  • The average score is 5 of 12
Answer Stats
Word Opposite % Correct
Death Life|Living
94%
Synonym Antonym
82%
Peace Treaty War|Revolution|Riot
76%
Heavy Light
71%
Healthy Food Junk Food
65%
Heat Stroke Hypothermia
41%
Monk Atheist
12%
Melatonin Caffeine|Sugar
12%
Digital World Reality
6%
Helium Sulfur Hexaflouride
0%
Disneyland Universal Studios
0%
Sunny Side Up Up-side Down
0%
No matching quizzes found
Score Distribution
Percent of People with Each Score
Percentile by Number Answered
Your Score History
You have not taken this quiz